เปลี่ยนเป็นภาษาไทย

Change to English
 แสดงรายละเอียดบรรณานุกรม
  กลับหน้าหลัก
ห้องสมุดโรงเรียนพะเยาพิทยาคม...ยินดีต้อนรับ...ทุกท่านเข้าสู่ระบบห้องสมุดอัตโนมัติ

Brief Record : Get Marc (ISO 2709) : E-mail record : QR code ปิดหน้าต่าง
Review โดย
ปาริฉัตร์ คันธิสา
ห้องสมุด
ปาริฉัตร์ คันธิสา เมื่อ7/มิถุนายน/2556
เนื้อหาโดยสังเขป


        ในโลกความฝันกับความจริงถูกคั่นด้วยบางสิ่งบางอย่าง สำหรับบางคนอาจเล็กน้อย แค่กะพริบตาความฝันก็เป็นจริง สำหรับบางคน อาจรู้สึกว่าหนาหนักเกินกว่าจะเป็นไปได้ สิ่งที่คนเราต้องการก็แค่ความเชื่อ ศรัทธา และวิธีคิดในการมองโลก ไม่ว่าเส้นทางที่เราต้องเดินจะผ่านอะไร เราจะเดินได้ถึงปลายทางไหม บางทีมันอาจไม่สำคัญเท่ากับว่าสุดท้ายเราได้เรียนรู้ความสุขเล็กๆ ระหว่างทางรึเปล่า ชวนชีวิตให้คิดบวกพร้อมรับมือกับทั้งความทุกข์และความสุขที่จะผ่านเข้ามา ด้วยถ้อยคำดีๆ จาก "คำ.นิ้ง.นิ้ง." สาวน้อยที่มีแฟนคลับหลายหมื่นคนบนโลกทวิตเตอร์
 

หนังสืออ้างอิง : เกี่ยวกับ Collections
LEADER 00000nam 2200000uu 4500
001    13399114022
003     ULIBM
008    130305s2556||||th 000 0 tha d
020    ^a9786160607877
082    ^a398.9 ^bค2153ส
100    ^aคำ.นิ้ง.นิ้ง.
245    ^aสุดท้ายที่ได้คือรอยยิ้ม /^cโดย คำ.นิ้ง.นิ้ง.
250    ^aพิมพ์ครั้งที่ 1.
260    ^aกรุงเทพฯ :^bบริษัท แจ่มใส,^c2556.
300    ^a150หน้า :^bภาพประกอบ ;^c17ซม.
945    ^p149^l0^i40346
999     ^aกนกวรรณ
 
คุณยังไม่ได้ล็อกอิน คุณสามารถมีกิจกรรมร่วมกับเว็บไซต์ได้ แต่ต้องล็อกอินก่อน ::
  ล็อกอิน
ลำดับที่ ประเภท เลขเรียก/บาร์โค้ด สถานที่ สถานะ
1. หนังสือ
หนังสือ
398.9 ค2153ส 2556  
  Barcode: 40346
ห้องสมุด
►หนังสือทั่วไป
On Shelf
  ขอยืม
2. หนังสือ
หนังสือ
398.9 ค2153ส 2556 ฉ.2 
  Barcode: 40347
ห้องสมุด
►หนังสือทั่วไป
On Shelf
  ขอยืม
3. หนังสือ
หนังสือ
398.9 ค2153ส 2556 ฉ.3 
  Barcode: 40348
ห้องสมุด
►หนังสือทั่วไป
On Shelf
  ขอยืม
   [แสดง 3/3 รายการ]

หนังสือดีน่าอ่าน


“ดั่งดวงแก้ว ส่องสว่าง ทางสายงาม”


จัดทำขึ้นเพื่อเฉลิมพระเกียรติ สมเด็จพระเทพรัตนราชสุดา ฯ สยามบรมราชกุมารี 
เนื่องในโอกาสมหามงคลเฉลิมพระชนมพรรษา ๕ รอบ ๒ เมษายน ๒๕๕๘ 

โดยหนังสือเล่มนี้ได้รวบรวม ๖๐ พระอัจฉริยภาพของสมเด็จพระเทพ ฯ 
ผู้อ่านจะได้รับแรงบันดาลใจให้พากเพียรเรียนรู้และขยันอดทนทำการงาน
ตามรอยเบื้องพระยุคลบาท เพราะพระองค์ทรงเป็นแบบอย่างอันดีเยี่ยมในทุกด้าน 

ทั้งในความใฝ่รู้ใฝ่เรียน คุณธรรมจริยธรรม พระวิริยอุตสาหะในการทรงงาน 
และอื่นๆอีกมากมาย ล้วนสามารถสร้างแรงบันดาลใจให้แก่เด็กและเยาวชน

อีกทั้งประชาชนทั่วไป ให้พากเพียรเรียนรู้และขยันอดทนทำการงานตามรอยพระยุคลบาท 
เพื่อฝึกฝนตนเองให้เป็นคนดีคนเก่งของครอบครัวและสังคมต่อไป



แสดงความเห็นเกี่ยวกับหนังสือเล่มนี้


ยังไม่เคยถูกคอมเมนท์

คอมเมนท์ทรัพยากรรายการนี้
  คอมเมนท์: สุดท้ายที่ได้คือ..

 
 
 

 

ห้องสมุดเฉลิมพระเกียรติกาญจนาภิเษก  โรงเรียนพะเยาพิทยาคม อำเภอเมือง จังหวัดพะเยา 56000

 E-mail  : Library_ppk@windowslive.com     Library Phayaopittayakom 05-4431-275 ต่อ 4621


 Union Library Management : ULibM
Copyright 2026. All Rights Reserved.